<?xml version="1.0" encoding="UTF-8"?>
<collection xmlns="http://www.loc.gov/MARC21/slim">
    <record>
        <controlfield tag="001">46852</controlfield>
        <controlfield tag="005">20170831220548.0</controlfield>
        <datafield tag="037" ind1=" " ind2=" ">
            <subfield code="a">GDOC-2011-1943</subfield>
        </datafield>
        <datafield tag="041" ind1=" " ind2=" ">
            <subfield code="a">spa</subfield>
        </datafield>
        <datafield tag="100" ind1=" " ind2=" ">
            <subfield code="0">(orcid)0000-0001-6314-0543</subfield>
            <subfield code="a">García Gómez, Antonio José</subfield>
        </datafield>
        <datafield tag="245" ind1="0" ind2="0">
            <subfield code="9">68224</subfield>
            <subfield code="a">Prevención y tratamiento de las crisis empresariales (derecho concursal)</subfield>
        </datafield>
        <datafield tag="260" ind1=" " ind2=" ">
            <subfield code="a">Zaragoza</subfield>
            <subfield code="b">Universidad de Zaragoza</subfield>
            <subfield code="c">2011-2012</subfield>
        </datafield>
        <datafield tag="520" ind1=" " ind2=" ">
            <subfield code="a">El objeto de estudio de asignatura es el Derecho Concursal. Esta materia requiere un enfoque pluridisciplinar, razón que explica la participación coordinada de profesores de distintas especialidades. Por ello, el contenido de las explicaciones y actividades, así como el desarrollo del curso, comprende distintos apartados, tal y como se señala en el programa que se incorpora en esta guía docente.</subfield>
        </datafield>
        <datafield tag="521" ind1=" " ind2=" ">
            <subfield code="9">645</subfield>
            <subfield code="a">Máster Universitario en Especialización e Investigación en Derecho</subfield>
        </datafield>
        <datafield tag="540" ind1=" " ind2=" ">
            <subfield code="a">by-nc-sa</subfield>
            <subfield code="b">Creative Commons</subfield>
            <subfield code="c">3.0</subfield>
            <subfield code="u">http://creativecommons.org/licenses/by-nc-sa/3.0/</subfield>
        </datafield>
        <datafield tag="700" ind1=" " ind2=" ">
            <subfield code="0">(orcid)0000-0003-3276-5983</subfield>
            <subfield code="a">Val Tena, Angel Luis De</subfield>
        </datafield>
        <datafield tag="700" ind1=" " ind2=" ">
            <subfield code="0">(orcid)0000-0002-1447-8828</subfield>
            <subfield code="a">Zubiri De Salinas, María Mercedes</subfield>
        </datafield>
        <datafield tag="700" ind1=" " ind2=" ">
            <subfield code="0">(orcid)0000-0003-4963-3928</subfield>
            <subfield code="a">Lopera Castillejo, María José</subfield>
        </datafield>
        <datafield tag="700" ind1=" " ind2=" ">
            <subfield code="0">(orcid)0000-0002-3485-4480</subfield>
            <subfield code="a">García Blasco, Juan</subfield>
        </datafield>
        <datafield tag="700" ind1=" " ind2=" ">
            <subfield code="0">(orcid)0000-0001-9532-1947</subfield>
            <subfield code="a">García-Cruces González, José Antonio</subfield>
        </datafield>
        <datafield tag="700" ind1=" " ind2=" ">
            <subfield code="0">(orcid)0000-0001-5285-2510</subfield>
            <subfield code="a">Moralejo Menéndez, Ignacio</subfield>
        </datafield>
        <datafield tag="830" ind1=" " ind2=" ">
            <subfield code="9">315</subfield>
        </datafield>
        <datafield tag="856" ind1="4" ind2=" ">
            <subfield code="s">136872</subfield>
            <subfield code="u">http://zaguan.unizar.es/record/46852/files/guia.pdf</subfield>
            <subfield code="y">Guía (idioma español)</subfield>
        </datafield>
        <datafield tag="980" ind1=" " ind2=" ">
            <subfield code="a">GDOC</subfield>
            <subfield code="b">Ciencias sociales</subfield>
            <subfield code="c">102</subfield>
        </datafield>
    </record>

    
</collection>